000
00195 a2200097 4500
001
3569
100
_a
Sinnott, E.W
245
_a
Matter, mind & man
260
_a
_b
Allen
_c
090
_c
2833
_d
2833
942
_a
NUST-CAE
_c
M
_c
20369
999
_c
238642
_d
238642